<?xml version="1.0" encoding="UTF-8"?>
<record
    xmlns:xsi="http://www.w3.org/2001/XMLSchema-instance"
    xsi:schemaLocation="http://www.loc.gov/MARC21/slim http://www.loc.gov/standards/marcxml/schema/MARC21slim.xsd"
    xmlns="http://www.loc.gov/MARC21/slim">

  <leader>00707nam a22001937a 4500</leader>
  <controlfield tag="005">20230710032228.0</controlfield>
  <controlfield tag="008">230127b        |||||||| |||| 00| 0 eng d</controlfield>
  <datafield tag="020" ind1=" " ind2=" ">
    <subfield code="a">971-685-775-7</subfield>
  </datafield>
  <datafield tag="082" ind1=" " ind2=" ">
    <subfield code="a">Fil. 370.1523 L933 2014</subfield>
  </datafield>
  <datafield tag="100" ind1=" " ind2=" ">
    <subfield code="a">Lucas, Maria Rita D. </subfield>
    <subfield code="e">author </subfield>
  </datafield>
  <datafield tag="245" ind1=" " ind2=" ">
    <subfield code="a">Facilitating learning:</subfield>
    <subfield code="b">a metacognitive process /</subfield>
    <subfield code="c">Maria Rita D Lucas, Brenda B. Corpuz </subfield>
  </datafield>
  <datafield tag="250" ind1=" " ind2=" ">
    <subfield code="a">4th ed.</subfield>
  </datafield>
  <datafield tag="260" ind1=" " ind2=" ">
    <subfield code="a">Quezon City:</subfield>
    <subfield code="b">Lorimar Publishing, </subfield>
    <subfield code="c">c2014.</subfield>
  </datafield>
  <datafield tag="300" ind1=" " ind2=" ">
    <subfield code="a">xiv, 298p.;</subfield>
    <subfield code="b">ill.</subfield>
  </datafield>
  <datafield tag="504" ind1=" " ind2=" ">
    <subfield code="a">Includes bibliographical references </subfield>
  </datafield>
  <datafield tag="541" ind1=" " ind2=" ">
    <subfield code="e">4629 c.1 4630 c.2 4631 c.3, 4632 c.4, 4633 c.5, 5025 c.6, 5026 c.7, 5027 c.8, 5028 c.9, 5029  c.10</subfield>
  </datafield>
  <datafield tag="650" ind1=" " ind2=" ">
    <subfield code="a">Learning, </subfield>
  </datafield>
  <datafield tag="650" ind1=" " ind2=" ">
    <subfield code="a">Learning, Psychology of</subfield>
  </datafield>
  <datafield tag="952" ind1=" " ind2=" ">
    <subfield code="0">0</subfield>
    <subfield code="1">0</subfield>
    <subfield code="2">ddc</subfield>
    <subfield code="4">0</subfield>
    <subfield code="7">0</subfield>
    <subfield code="a">CTUMB</subfield>
    <subfield code="b">CTUMB</subfield>
    <subfield code="d">2016-05-06</subfield>
    <subfield code="l">0</subfield>
    <subfield code="o">Fil. 370.1523 L933 2014</subfield>
    <subfield code="p">4629</subfield>
    <subfield code="r">2025-08-07 02:24:39</subfield>
    <subfield code="t">1</subfield>
    <subfield code="w">2023-01-27</subfield>
    <subfield code="y">BK-FL</subfield>
  </datafield>
  <datafield tag="952" ind1=" " ind2=" ">
    <subfield code="0">0</subfield>
    <subfield code="1">0</subfield>
    <subfield code="2">ddc</subfield>
    <subfield code="4">0</subfield>
    <subfield code="7">0</subfield>
    <subfield code="a">CTUMB</subfield>
    <subfield code="b">CTUMB</subfield>
    <subfield code="d">2016-05-06</subfield>
    <subfield code="l">4</subfield>
    <subfield code="o">Fil. 370.1523 L933 2014</subfield>
    <subfield code="p">4630</subfield>
    <subfield code="r">2024-05-09 00:00:00</subfield>
    <subfield code="s">2024-05-09</subfield>
    <subfield code="t">2</subfield>
    <subfield code="w">2023-01-27</subfield>
    <subfield code="y">BK-FL</subfield>
  </datafield>
  <datafield tag="952" ind1=" " ind2=" ">
    <subfield code="0">0</subfield>
    <subfield code="1">0</subfield>
    <subfield code="2">ddc</subfield>
    <subfield code="4">0</subfield>
    <subfield code="7">0</subfield>
    <subfield code="a">CTUMB</subfield>
    <subfield code="b">CTUMB</subfield>
    <subfield code="d">2016-05-06</subfield>
    <subfield code="l">2</subfield>
    <subfield code="o">Fil. 370.1523 L933 2014</subfield>
    <subfield code="p">4631</subfield>
    <subfield code="r">2024-05-23 00:00:00</subfield>
    <subfield code="s">2024-05-23</subfield>
    <subfield code="t">3</subfield>
    <subfield code="w">2023-01-27</subfield>
    <subfield code="y">BK-FL</subfield>
  </datafield>
  <datafield tag="952" ind1=" " ind2=" ">
    <subfield code="0">0</subfield>
    <subfield code="1">0</subfield>
    <subfield code="2">ddc</subfield>
    <subfield code="4">0</subfield>
    <subfield code="7">0</subfield>
    <subfield code="a">CTUMB</subfield>
    <subfield code="b">CTUMB</subfield>
    <subfield code="d">2016-05-06</subfield>
    <subfield code="l">0</subfield>
    <subfield code="o">Fil. 370.1523 L933 2014</subfield>
    <subfield code="p">4632</subfield>
    <subfield code="r">2023-01-27 00:00:00</subfield>
    <subfield code="t">4</subfield>
    <subfield code="w">2023-01-27</subfield>
    <subfield code="y">BK-FL</subfield>
  </datafield>
  <datafield tag="952" ind1=" " ind2=" ">
    <subfield code="0">0</subfield>
    <subfield code="1">0</subfield>
    <subfield code="2">ddc</subfield>
    <subfield code="4">0</subfield>
    <subfield code="7">0</subfield>
    <subfield code="a">CTUMB</subfield>
    <subfield code="b">CTUMB</subfield>
    <subfield code="d">2016-05-06</subfield>
    <subfield code="l">2</subfield>
    <subfield code="o">Fil. 370.1523 L933 2014</subfield>
    <subfield code="p">4633</subfield>
    <subfield code="r">2025-08-22 06:51:05</subfield>
    <subfield code="s">2023-06-19</subfield>
    <subfield code="t">5</subfield>
    <subfield code="w">2023-01-27</subfield>
    <subfield code="y">BK-FL</subfield>
  </datafield>
  <datafield tag="952" ind1=" " ind2=" ">
    <subfield code="0">0</subfield>
    <subfield code="1">0</subfield>
    <subfield code="2">ddc</subfield>
    <subfield code="4">0</subfield>
    <subfield code="7">0</subfield>
    <subfield code="a">CTUMB</subfield>
    <subfield code="b">CTUMB</subfield>
    <subfield code="d">2017-01-04</subfield>
    <subfield code="l">0</subfield>
    <subfield code="o">Fil. 370.1523 L933 2014</subfield>
    <subfield code="p">5025</subfield>
    <subfield code="r">2023-01-27 00:00:00</subfield>
    <subfield code="t">6</subfield>
    <subfield code="w">2023-01-27</subfield>
    <subfield code="y">BK-FL</subfield>
  </datafield>
  <datafield tag="952" ind1=" " ind2=" ">
    <subfield code="0">0</subfield>
    <subfield code="1">0</subfield>
    <subfield code="2">ddc</subfield>
    <subfield code="4">0</subfield>
    <subfield code="7">0</subfield>
    <subfield code="a">CTUMB</subfield>
    <subfield code="b">CTUMB</subfield>
    <subfield code="d">2017-01-04</subfield>
    <subfield code="l">0</subfield>
    <subfield code="o">Fil. 370.1523 L933 2014</subfield>
    <subfield code="p">5026</subfield>
    <subfield code="r">2023-01-27 00:00:00</subfield>
    <subfield code="t">7</subfield>
    <subfield code="w">2023-01-27</subfield>
    <subfield code="y">BK-FL</subfield>
  </datafield>
  <datafield tag="952" ind1=" " ind2=" ">
    <subfield code="0">0</subfield>
    <subfield code="1">0</subfield>
    <subfield code="2">ddc</subfield>
    <subfield code="4">0</subfield>
    <subfield code="7">0</subfield>
    <subfield code="a">CTUMB</subfield>
    <subfield code="b">CTUMB</subfield>
    <subfield code="d">2017-01-04</subfield>
    <subfield code="l">0</subfield>
    <subfield code="o">Fil. 370.1523 L933 2014</subfield>
    <subfield code="p">5027</subfield>
    <subfield code="r">2024-04-13 00:00:00</subfield>
    <subfield code="t">8</subfield>
    <subfield code="w">2023-01-27</subfield>
    <subfield code="y">BK-FL</subfield>
  </datafield>
  <datafield tag="952" ind1=" " ind2=" ">
    <subfield code="0">0</subfield>
    <subfield code="1">0</subfield>
    <subfield code="2">ddc</subfield>
    <subfield code="4">0</subfield>
    <subfield code="7">0</subfield>
    <subfield code="a">CTUMB</subfield>
    <subfield code="b">CTUMB</subfield>
    <subfield code="d">2017-01-04</subfield>
    <subfield code="l">0</subfield>
    <subfield code="o">Fil. 370.1523 L933 2014</subfield>
    <subfield code="p">5028</subfield>
    <subfield code="r">2023-01-27 00:00:00</subfield>
    <subfield code="t">9</subfield>
    <subfield code="w">2023-01-27</subfield>
    <subfield code="y">BK-FL</subfield>
  </datafield>
  <datafield tag="952" ind1=" " ind2=" ">
    <subfield code="0">0</subfield>
    <subfield code="1">0</subfield>
    <subfield code="2">ddc</subfield>
    <subfield code="4">0</subfield>
    <subfield code="7">0</subfield>
    <subfield code="a">CTUMB</subfield>
    <subfield code="b">CTUMB</subfield>
    <subfield code="d">2017-01-04</subfield>
    <subfield code="l">0</subfield>
    <subfield code="o">Fil. 370.1523 L933 2014</subfield>
    <subfield code="p">5029</subfield>
    <subfield code="r">2023-01-27 00:00:00</subfield>
    <subfield code="t">10</subfield>
    <subfield code="w">2023-01-27</subfield>
    <subfield code="y">BK-FL</subfield>
  </datafield>
  <datafield tag="999" ind1=" " ind2=" ">
    <subfield code="c">697</subfield>
    <subfield code="d">697</subfield>
  </datafield>
</record>
